Novela postupov účtovania v oblasti účtovania o tvorbe a použití rezerv

Účtovanie o tvorbe a použití rezerv v zmysle novely opatrenia Ministerstva financií SR. Pojem rezervy. Na čo sa vytvárajú rezervy. Členenie rezerv. Účtovanie tvorby a použitia rezerv. Účtovanie tvorby a použitia dlhodobých rezerv.

Gespeichert in:
Bibliographische Detailangaben
1. Verfasser: Šulovská, Miriama, 1980-
Format: Buchkapitel
Sprache:Slowakisch
Schlagworte:
Tags: Tag hinzufügen
Keine Tags, Fügen Sie das erste Tag hinzu!

MARC

LEADER 00000naa$a2200000$$$4500
001 0050618
005 20240711093021.4
041 0 |a slo 
044 |a CZ 
245 1 0 |a Novela postupov účtovania v oblasti účtovania o tvorbe a použití rezerv  |c Miriama Šulovská 
520 |a Účtovanie o tvorbe a použití rezerv v zmysle novely opatrenia Ministerstva financií SR. Pojem rezervy. Na čo sa vytvárajú rezervy. Členenie rezerv. Účtovanie tvorby a použitia rezerv. Účtovanie tvorby a použitia dlhodobých rezerv. 
610 2 0 |a účtovanie 
610 2 0 |a rezervy 
610 2 0 |a záväzky 
610 2 0 |a úpravy právne 
100 1 |a Šulovská, Miriama, 1980-